000 01249nam a2200301 i 4500
003 EG-GICUC
005 20260121101646.0
008 260104s1998 ua ||||fr|||| 000 0 ara d
040 _a EG-GICUC
_bara
_c EG-GICUC
_d EG-GICUC
_erda
041 0 _aara
082 0 4 _221
_a345.4572
_bع ب . ط
092 0 4 _221
099 _aLaw1 07 345.4572 ع ب . ط 1998
100 0 _aعبدالوهاب البنداري
_eمؤلف.
245 1 2 _aطرق الطعن في العقوبات التأديبية إداريا وقضائيا :
_bالعاملين المدنيين بالدولة ، والقطاع العام . ذوى الكادرات الخاصة /
_cالمستشار عبدالوهاب البنداري.
264 1 _aالقاهرة :
_bدار الفكر العربي،
_c1998.
300 _a363 ؛ صفحة
_c24 سم.
336 _2rda content
_atext
337 _2rda media
_aComputer
338 _2rda carrier
_aOnline Resource
504 _a. 240-220 ببليوجرافيا: صفحات.
546 _aالنص باللغة العربية
650 1 4 _aالجريمة التاديبية
650 1 4 _aالقانون الإداري
856 4 0 _uhttps://fll.law.cu.edu.eg/fulltext/bks/B07-02260.pdf
905 _a77
942 _2ddc
_cBK
_e21
_n0
999 _c54496
_d54496